| 000 | 00000nam 2200000zi 4500 |
| 001 | 9.947601 |
| 003 | CaOODSP |
| 005 | 20250131095632 |
| 006 | m o d f |
| 007 | cr cn||||||||| |
| 008 | 250131s1986 oncbd ob f000 0 eng d |
| 040 | |aCaOODSP|beng|erda|cCaOODSP |
| 041 | |aeng|beng|bfre |
| 043 | |ar------ |
| 086 | 1 |aEn57-55/86-1E-PDF |
| 100 | 1 |aEtkin, David, |eauthor. |
| 245 | 10|aAnnual and seasonal climate scenarios for a warmer Arctic / |cby David Etkin and Wyatt Macdonald. |
| 264 | 1|aDownsview, Ontario : |bAtmospheric Environment Service, Climatological Services Division, |c1986. |
| 300 | |a1 online resource (1 volume (various pagings)) : |bmaps, graphs. |
| 336 | |atext|btxt|2rdacontent |
| 337 | |acomputer|bc|2rdamedia |
| 338 | |aonline resource|bcr|2rdacarrier |
| 490 | 1 |aCanadian Climate Centre report ; |vno. 86-1 |
| 500 | |a"A publication of the Canadian Climate Program." |
| 500 | |aDigitized edition from print [produced by Environment and Climate Change Canada]. |
| 500 | |a"This report has received only limited circulation because of the special nature of the project. However, reference is permitted if the words "Unpublished manuscript" are made part of the bibliographic entry, in accordance with accepted practice." |
| 504 | |aIncludes bibliographical references (pages 17-18). |
| 520 | 3 |a"A linear statistical model is used to estimate potential climate change for Canada north of 60 degrees N accompanying hemispheric warming. The independent parameter used is hemispheric surface temperature anomalies. Only temperature scenarios were developed since the correlations between hemispheric anomalies and station precipitation or pressure are extremely low"--Abstract, page i. |
| 546 | |aIncludes abstracts in English and French. |
| 650 | 0|aClimatic changes|zArctic regions|xStatistical methods. |
| 650 | 0|aGreenhouse effect, Atmospheric|zArctic regions|xStatistical methods. |
| 650 | 0|aAtmospheric temperature|zArctic regions|xStatistical methods. |
| 650 | 6|aClimat|xChangements|zArctique|xMéthodes statistiques. |
| 650 | 6|aEffet de serre (Météorologie)|zArctique|xMéthodes statistiques. |
| 650 | 6|aTempérature atmosphérique|zArctique|xMéthodes statistiques. |
| 710 | 2 |aCanadian Climate Centre, |eissuing body. |
| 710 | 2 |aCanadian Climate Program, |eissuing body. |
| 830 | #0|aCanadian Climate Centre report ;|vno. 86-1.|w(CaOODSP)9.934183 |
| 856 | 40|qPDF|s64.0 MB|uhttps://publications.gc.ca/collections/collection_2025/eccc/en57/En57-55-86-1-eng.pdf |